<?xml version="1.0" encoding="UTF-8"?>
<collection xmlns="http://www.loc.gov/MARC21/slim">
 <record>
  <leader>05735nam a2200373 a 4500</leader>
  <controlfield tag="001">kal1124</controlfield>
  <controlfield tag="003">Gr-AtHEAL</controlfield>
  <controlfield tag="005">20160421094138.0</controlfield>
  <controlfield tag="006">m        d        </controlfield>
  <controlfield tag="008">160413s2015    gr      s           gre|c</controlfield>
  <datafield tag="020" ind1=" " ind2=" ">
   <subfield code="a">9789606032295</subfield>
  </datafield>
  <datafield tag="040" ind1=" " ind2=" ">
   <subfield code="a">GR-AtHEAL</subfield>
   <subfield code="b">gre</subfield>
   <subfield code="c">GR-AtHEAL</subfield>
  </datafield>
  <datafield tag="082" ind1="0" ind2="4">
   <subfield code="a">541.37</subfield>
   <subfield code="2">23</subfield>
  </datafield>
  <datafield tag="100" ind1="1" ind2=" ">
   <subfield code="a">Καραντώνης, Αντώνιος.</subfield>
   <subfield code="8">1452</subfield>
  </datafield>
  <datafield tag="245" ind1="1" ind2="0">
   <subfield code="a">Βασικές Αρχές Ηλεκτροχημείας</subfield>
   <subfield code="h">[Ηλεκτρονικός πόρος] </subfield>
   <subfield code="b">Ιοντικά Διαλύματα και Ηλεκτροχημική Κινητική</subfield>
   <subfield code="c">Καραντώνης, Αντώνιος ; Κριτικός αναγνώστης,Καραγιάννη, Χάϊδω Στεφανία.</subfield>
  </datafield>
  <datafield tag="260" ind1=" " ind2=" ">
   <subfield code="a">Αθήνα :</subfield>
   <subfield code="b">Σύνδεσμος Ελληνικών Ακαδημαϊκών Βιβλιοθηκών,</subfield>
   <subfield code="c">c2015.</subfield>
  </datafield>
  <datafield tag="490" ind1=" " ind2=" ">
   <subfield code="a">Ακαδημαϊκά Ηλεκτρονικά Συγγράμματα και Βοηθήματα Κάλλιπος</subfield>
   <subfield code="8">40</subfield>
  </datafield>
  <datafield tag="520" ind1=" " ind2=" ">
   <subfield code="a">Το αντικείμενο του προτεινόμενου συγγράμματος είναι η παρουσίαση των βασικών αρχών της Ηλεκτροχημείας, με αναλυτικά τεκμηριωμένο τρόπο, δίνοντας έμφαση στις ιδιότητες των ηλεκτρολυτικών διαλυμάτων και της κινητικής των ηλεκτροχημικών αντιδράσεων. Το σύγγραμμα θα αποτελείται από έξι κεφάλαια. Το πρώτο κεφάλαιο θα εισάγει τον αναγνώστη στην έννοια της ηλεκτροχημικής αντίδρασης, τον ρόλο των ηλεκτροδίων και του ηλεκτρολυτικού διαλύματος, στα βασικά είδη ηλεκτροχημικών συστημάτων και των βασικών νόμων και αρχών της ηλεκτροχημείας. Τα συνήθη ηλεκτροχημικά συστήματα καθορίζονται από τις ιδιότητες του ηλεκτρολυτικού διαλύματος καθώς και από τις ιδιότητες της διεπιφάνειας που σχηματίζεται μεταξύ των ηλεκτροδίων και του διαλύματος. Για το λόγο αυτό, στο κεφάλαιο 2 και 3 θα παρουσιάζονται οι ιδιότητες των ηλεκτρολυτικών διαλυμάτων, εντός και εκτός ισορροπίας, αντίστοιχα. Ειδικότερα, στο Κεφ. 2 ο αναγνώστης θα εισαχθεί στα φαινόμενα των ηλεκτρικών αλληλεπιδράσεων μεταξύ ιόντων και στην έννοια του ηλεκτροχημικού δυναμικού, της ενεργότητας και του συντελεστή ενεργότητας. Στο Κεφ. 3, θα παρουσιασθούν τα φαινόμενα που παρατηρούνται στο ηλεκτρολυτικό διάλυμα εκτός ισορροπίας και ειδικότερα η κίνηση των ιόντων υπό την επίδραση ηλεκτρικού πεδίου (ηλεκτρομεταφορά, αγωγιμότητα κ.λ.π.) και η κίνηση λόγω βαθμίδας συγκέντρωσης (διάχυση). Στο κεφάλαιο 4 και 5 θα παρουσιασθούν οι ιδιότητες της ηλεκτροχημικής διεπιφάνειας στην ισορροπία. Στο Κεφ. 4 θα γίνει περιγραφή της ηλεκτροχημικής διεπιφάνειας με έμφαση στα ιδανικά πολούμενα ηλεκτρόδια και θα αναλυθούν τα κυριότερα μοντέλα της δομής της. Στο Κεφ. 5 ο αναγνώστης θα εισαχθεί στην έννοια του δυναμικού του ηλεκτροδίου, του τρόπου μέτρησης του και των διαφορετικών ειδών ηλεκτροδίων και συστημάτων. Τέλος στο Κεφ. 6, θα παρουσιασθούν οι βασικές αρχές της ηλεκτροχημικής κινητικής, η εξάρτηση της ταχύτητας από το δυναμικό του ηλεκτροδίου και ο ρόλος της διάχυσης. Κάθε κεφάλαιο θα περιλαμβάνει αντιπροσωπευτικές ασκήσεις.</subfield>
  </datafield>
  <datafield tag="650" ind1=" " ind2="0">
   <subfield code="a">Electrochemistry</subfield>
   <subfield code="8">1632</subfield>
  </datafield>
  <datafield tag="653" ind1=" " ind2=" ">
   <subfield code="a">Ταχύτητα ηλεκτροχημικών διεργασιών</subfield>
  </datafield>
  <datafield tag="653" ind1=" " ind2=" ">
   <subfield code="a">Δυναμικά ηλεκτροδίων</subfield>
  </datafield>
  <datafield tag="653" ind1=" " ind2=" ">
   <subfield code="a">Ηλεκτροχημική διεπιφάνεια</subfield>
  </datafield>
  <datafield tag="653" ind1=" " ind2=" ">
   <subfield code="a">Ηλεκτρομεταφορά</subfield>
  </datafield>
  <datafield tag="653" ind1=" " ind2=" ">
   <subfield code="a">Διάχυση</subfield>
  </datafield>
  <datafield tag="653" ind1=" " ind2=" ">
   <subfield code="a">Ενεργότητα</subfield>
  </datafield>
  <datafield tag="653" ind1=" " ind2=" ">
   <subfield code="a">Ηλεκτρολυτικό κελί</subfield>
  </datafield>
  <datafield tag="653" ind1=" " ind2=" ">
   <subfield code="a">Γαλβανικό στοιχείο</subfield>
  </datafield>
  <datafield tag="653" ind1=" " ind2=" ">
   <subfield code="a">Χημεία/Γενική Χημεία</subfield>
   <subfield code="a">Αναλυτική χημεία</subfield>
   <subfield code="a">Ηλεκτροχημική ανάλυση</subfield>
  </datafield>
  <datafield tag="700" ind1="1" ind2=" ">
   <subfield code="a">Καραγιάννη, Χάϊδω Στεφανία</subfield>
   <subfield code="e">Κριτικός αναγνώστης</subfield>
   <subfield code="8">1455</subfield>
  </datafield>
  <datafield tag="856" ind1="4" ind2="0">
   <subfield code="u">http://hdl.handle.net/11419/1124</subfield>
   <subfield code="z">Πλήρες Κείμενο - Full text</subfield>
  </datafield>
  <datafield tag="907" ind1=" " ind2=" ">
   <subfield code="a">.b25677962</subfield>
   <subfield code="b">12-06-18</subfield>
   <subfield code="c">29-07-16</subfield>
  </datafield>
  <datafield tag="949" ind1=" " ind2=" ">
   <subfield code="0">0</subfield>
   <subfield code="1">0</subfield>
   <subfield code="2">ddc</subfield>
   <subfield code="4">0</subfield>
   <subfield code="6">541_370000000000000_ΚΑΡ</subfield>
   <subfield code="7">0</subfield>
   <subfield code="8">KALL</subfield>
   <subfield code="8">554</subfield>
   <subfield code="d">2016-04-13</subfield>
   <subfield code="r">2016-04-13</subfield>
   <subfield code="w">2016-04-13</subfield>
   <subfield code="z">541.37 ΚΑΡ</subfield>
   <subfield code="o">SEAB KALLIPOS</subfield>
  </datafield>
  <datafield tag="998" ind1=" " ind2=" ">
   <subfield code="a">80</subfield>
   <subfield code="a">01</subfield>
   <subfield code="a">02</subfield>
   <subfield code="a">03</subfield>
   <subfield code="a">04</subfield>
   <subfield code="a">05</subfield>
   <subfield code="a">06</subfield>
   <subfield code="a">07</subfield>
   <subfield code="a">08</subfield>
   <subfield code="a">09</subfield>
   <subfield code="a">10</subfield>
   <subfield code="a">11</subfield>
   <subfield code="a">12</subfield>
   <subfield code="a">13</subfield>
   <subfield code="a">14</subfield>
   <subfield code="a">15</subfield>
   <subfield code="a">16</subfield>
   <subfield code="a">17</subfield>
   <subfield code="a">18</subfield>
   <subfield code="a">19</subfield>
   <subfield code="a">20</subfield>
   <subfield code="a">21</subfield>
   <subfield code="a">22</subfield>
   <subfield code="a">23</subfield>
   <subfield code="a">24</subfield>
   <subfield code="a">25</subfield>
   <subfield code="a">26</subfield>
   <subfield code="b">11-05-17</subfield>
   <subfield code="c">m</subfield>
   <subfield code="d">z  </subfield>
   <subfield code="e">-</subfield>
   <subfield code="f">gre</subfield>
   <subfield code="g">gr </subfield>
   <subfield code="h">0</subfield>
  </datafield>
  <datafield tag="942" ind1=" " ind2=" ">
   <subfield code="2">ddc</subfield>
   <subfield code="c">KALLIPOS</subfield>
  </datafield>
 </record>
</collection>
